Basic communication and thinking skills for college freshmen / (Record no. 72660)
[ view plain ]
| 000 -LEADER | |
|---|---|
| fixed length control field | 00662nam a22002177i 4500 |
| 003 - CONTROL NUMBER IDENTIFIER | |
| control field | URS |
| 005 - DATE AND TIME OF LATEST TRANSACTION | |
| control field | 20251001091321.0 |
| 008 - FIXED-LENGTH DATA ELEMENTS--GENERAL INFORMATION | |
| fixed length control field | 160323s2003 ph ||||| |||| 00| 0 eng d |
| 020 ## - INTERNATIONAL STANDARD BOOK NUMBER | |
| International Standard Book Number | 9714203473 |
| 040 ## - CATALOGING SOURCE | |
| Language of cataloging | eng |
| Description conventions | rda |
| Transcribing agency | URS |
| 050 00 - LIBRARY OF CONGRESS CALL NUMBER | |
| Classification number | LB15 |
| Item number | .A47 2003 |
| 100 1# - MAIN ENTRY--PERSONAL NAME | |
| Personal name | Atienza, Leticia P. |
| Relator code | author |
| 245 10 - TITLE STATEMENT | |
| Title | Basic communication and thinking skills for college freshmen / |
| 264 #1 - PRODUCTION, PUBLICATION, DISTRIBUTION, MANUFACTURE, AND COPYRIGHT NOTICE | |
| Place of production, publication, distribution, manufacture | Bulacan : |
| Name of producer, publisher, distributor, manufacturer | Trinitas Publishing, Inc., |
| Date of production, publication, distribution, manufacture, or copyright notice | 2003. |
| 300 ## - PHYSICAL DESCRIPTION | |
| Extent | viii 274 p. |
| Other physical details | ill.; 25 cm. |
| 336 ## - CONTENT TYPE | |
| Content type term | text |
| Content type code | txt |
| Source | rdacontent |
| 337 ## - MEDIA TYPE | |
| Media type term | unmediated |
| Media type code | n |
| Source | rdamedia |
| 338 ## - CARRIER TYPE | |
| Carrier type term | volume |
| Carrier type code | nc |
| Source | rdacarrier |
| 650 #0 - SUBJECT ADDED ENTRY--TOPICAL TERM | |
| Topical term or geographic name entry element | English language |
| General subdivision | Study and teaching |
| 942 ## - ADDED ENTRY ELEMENTS (KOHA) | |
| Koha item type | Reserved Books |
| Source of classification or shelving scheme | Library of Congress Classification |
| Withdrawn status | Source of classification or shelving scheme | Damaged status | Not for loan | Collection code | Home library | Current library | Shelving location | Date acquired | Total Checkouts | Full call number | Barcode | Date last seen | Price effective from | Koha item type | Date last checked out |
|---|---|---|---|---|---|---|---|---|---|---|---|---|---|---|---|
| Library of Congress Classification | Non-fiction | Tanay College Library | Tanay College Library | Reserve Section | 01/28/2015 | LB15 .A47 2003 | URSTAN-N515 | 01/28/2015 | 01/28/2015 | Reserved Books | |||||
| Tanay College Library | Tanay College Library | 01/28/2015 | LB 15 A47 | 516 | 01/28/2015 | 01/28/2015 | Reserved Books | ||||||||
| Tanay College Library | Tanay College Library | 01/28/2015 | LB 15 A47 | 517 | 01/28/2015 | 01/28/2015 | Reserved Books | ||||||||
| Tanay College Library | Tanay College Library | 01/28/2015 | LB 15 A47 | 518 | 01/28/2015 | 01/28/2015 | Reserved Books | ||||||||
| Tanay College Library | Tanay College Library | 01/28/2015 | LB 15 A47 | 519 | 01/28/2015 | 01/28/2015 | Reserved Books | ||||||||
| Library of Congress Classification | Non-fiction | Tanay College Library | Tanay College Library | General Stacks | 02/05/2015 | 1 | LB 15 A47 2003 | URSTAN-N281 | 05/04/2023 | 02/05/2015 | Reserved Books | 05/04/2023 | |||
| Tanay College Library | Tanay College Library | 02/05/2015 | LB 15 A47 | 283 | 02/05/2015 | 02/05/2015 | Reserved Books | ||||||||
| Tanay College Library | Tanay College Library | 02/05/2015 | LB 15 A47 | 284 | 02/05/2015 | 02/05/2015 | Reserved Books | ||||||||
| Tanay College Library | Tanay College Library | 02/05/2015 | LB 15 A47 | 285 | 02/05/2015 | 02/05/2015 | Reserved Books | ||||||||
| Library of Congress Classification | Non-fiction | Tanay College Library | Tanay College Library | Reserve Section | 02/10/2015 | LB15 .A47 2003 | URSTAN-N511 | 02/10/2015 | 02/10/2015 | Reserved Books | |||||
| Library of Congress Classification | Non-fiction | Tanay College Library | Tanay College Library | General Stacks | 03/11/2015 | LB15 .A47 2003 | URSTAN-611 | 12/10/2018 | 03/11/2015 | Filipiniana | |||||
| Library of Congress Classification | Non-fiction | Tanay College Library | Tanay College Library | General Stacks | 03/13/2015 | LB15 A47 2003 | URSTAN-N514 | 03/13/2015 | 03/13/2015 | Filipiniana | |||||
| Library of Congress Classification | Tanay College Library | Tanay College Library | 03/13/2015 | LB 15 A47 2003 | URSTAN-N513 | 05/31/2017 | 03/13/2015 | Filipiniana | |||||||
| Library of Congress Classification | Non-fiction | Tanay College Library | Tanay College Library | General Stacks | 03/13/2015 | LB15 A47 2003 | URSTAN-608C | 03/13/2015 | 03/13/2015 | Reserved Books | |||||
| Library of Congress Classification | Non-fiction | Tanay College Library | Tanay College Library | General Stacks | 03/13/2015 | LB15 A47 2003 | URSTAN-N279 | 03/13/2015 | 03/13/2015 | Filipiniana | |||||
| Library of Congress Classification | Non-fiction | Tanay College Library | Tanay College Library | General Stacks | 03/16/2015 | LB15 A47 2003 | URSTAN-612 | 04/12/2017 | 03/16/2015 | Reserved Books | |||||
| Library of Congress Classification | Non-fiction | Tanay College Library | Tanay College Library | General Stacks | 04/05/2016 | LB15 A47 2003 | URSTAN-N607 | 04/05/2016 | 04/05/2016 | Reserved Books | |||||
| Library of Congress Classification | Non-fiction | Tanay College Library | Tanay College Library | General Stacks | 04/05/2016 | LB15 A47 2003 | URSTAN-N610 | 04/05/2016 | 04/05/2016 | Reserved Books | |||||
| Library of Congress Classification | Non-fiction | Tanay College Library | Tanay College Library | General Stacks | 04/05/2016 | LB15 A47 2003 | URSTAN-N609 | 04/05/2016 | 04/05/2016 | Reserved Books | |||||
| Library of Congress Classification | Non-fiction | Tanay College Library | Tanay College Library | General Stacks | 04/05/2016 | LB15 A47 2003 | URSTAN-N512 | 04/05/2016 | 04/05/2016 | Reserved Books | |||||
| Library of Congress Classification | Non-fiction | Tanay College Library | Tanay College Library | General Stacks | 04/05/2016 | LB15 A47 2003 | URSTAN-N613 | 04/05/2016 | 04/05/2016 | Reserved Books | |||||
| Library of Congress Classification | Non-fiction | Tanay College Library | Tanay College Library | General Stacks | 04/05/2016 | LB15 A47 2003 | URSTAN-N614 | 04/05/2016 | 04/05/2016 | Reserved Books | |||||
| Library of Congress Classification | Non-fiction | Tanay College Library | Tanay College Library | General Stacks | 04/05/2016 | LB15 A47 2003 | URSTAN-N278 | 04/05/2016 | 04/05/2016 | Reserved Books | |||||
| Library of Congress Classification | Non-fiction | Tanay College Library | Tanay College Library | General Stacks | 04/05/2016 | LB15 A47 2003 | URSTAN-N616 | 04/05/2016 | 04/05/2016 | Reserved Books | |||||
| Library of Congress Classification | Non-fiction | Tanay College Library | Tanay College Library | General Stacks | 04/27/2016 | LB15 A47 2003 | URSTAN-N280 | 04/27/2016 | 04/27/2016 | Reserved Books | |||||
| Library of Congress Classification | Non-fiction | Tanay College Library | Tanay College Library | General Stacks | 04/27/2016 | LB15 A47 2003 | URSTAN-N615 | 04/27/2016 | 04/27/2016 | Reserved Books | |||||
| Library of Congress Classification | Non-fiction | Tanay College Library | Tanay College Library | General Stacks | 08/03/2016 | LB15 A47 2003 | URSTAN-N282 | 08/03/2016 | 08/03/2016 | Filipiniana | |||||
| Library of Congress Classification | Tanay College Library | Tanay College Library | Reserve Section | 02/05/2015 | LB 15 A47 | URSTAN-N611 | 02/05/2015 | 02/05/2015 | Filipiniana |